Statistiche per Elenca la formazione - Finale UEFA Champions League 2000-2001

Clicka qui per fare il quiz!

Statistiche generali

  • Questo quiz è stato fatto 3 volte
  • Il punteggio medio è 10 su 22

Statistiche sulle risposte

RuoloNazioneCalciatore% Corretto
PortiereGermaniaOliver Kahn
100%
DifensoreItaliaAmedeo Carboni
67%
DifensoreFranciaBixente Lizarazu
67%
CentrocampistaSpagnaGaizka Mendieta
67%
AttaccanteBrasileGiovane Élber
67%
PortiereSpagnaSantiago Cañizares
67%
CentrocampistaGermaniaStefan Effenberg
67%
DifensoreFranciaWilly Sagnol
67%
CentrocampistaBosnia ed ErzegovinaHasan Salihamidžić
33%
DifensoreFranciaJocelyn Angloma
33%
AttaccanteNorvegiaJohn Carew
33%
CentrocampistaArgentinaKily González
33%
DifensoreArgentinaMauricio Pellegrino
33%
CentrocampistaGermaniaMehmet Scholl
33%
CentrocampistaInghilterraOwen Hargreaves
33%
CentrocampistaArgentinaPablo Aimar
33%
DifensoreSveziaPatrik Andersson
33%
DifensoreArgentinaRoberto Ayala
33%
CentrocampistaSpagnaRubén Baraja
33%
DifensoreGhanaSamuel Kuffour
33%
DifensoreGermaniaThomas Linke
33%
AttaccanteSpagnaJuan Sánchez
0%

Distribuzione punteggi

Percentile per numero di risposta

Percentuale di utenti per punteggio

I tuoi punteggi nel tempo

Non hai fatto questo quiz